Czyj to obraz. Malarstwo światowe. - Statystyki

Ogólne statystyki
  • Ten quiz został rozwiązany 143 razy
  • Średni wynik to 10 z 20
Statystyki odpowiedzi
Obrazkowy Odpowiedź % Poprawnych
Van Gogh
92%
Monet
84%
Picasso
84%
Klimt
77%
Munch
76%
Vermeer
67%
Rembrandt
63%
Rubens
61%
Degas
55%
Da Vinci
53%
Goya
49%
Caravaggio
42%
Manet
42%
Renoir
41%
Velazquez
40%
Van Eyck
38%
Gauguin
25%
Bosch
22%
Whistler
21%
Tycjan
19%
Nie znaleziono quizów pasujących do podanych kryteriów
Rozkład punktacji
Procent ludzi z każdym wynikiem
Percentyl według liczby udzielonych odpowiedzi
Twoja historia wyników
Nie rozwiązałeś tego quizu